| 000 | 00688nam a22001817a 4500 | ||
|---|---|---|---|
| 999 |
_c62635 _d62635 |
||
| 003 | Ge_BSU | ||
| 005 | 20241224171651.0 | ||
| 008 | 241224s1956 ge ||||| |||| 00| 0 geo d | ||
| 041 | _ageo | ||
| 080 | _a611.018(075.8) ს-34 | ||
| 100 |
_aსაყვარელიძე, ს. _924026 |
||
| 245 |
_aჰისტოლოგიის სახელმძღვანელო : _bნაწ. 2. / _cს. საყვარელიძე. |
||
| 264 |
_aთბილისი : _bსაქმედგამი, _c1956. |
||
| 300 |
_a240 გვ.: _bილ.; _c25 სმ. |
||
| 653 | _aჰისტოლოგია | ||
| 653 | _aმედიცინა | ||
| 942 |
_2udc _cᲬᲘᲒᲜᲘ |
||